| 000 | 01402cam a2200325Ii 4500 | ||
|---|---|---|---|
| 001 | lordismyshepherd00krau | ||
| 003 | CaSfIA | ||
| 005 | 20210118165315.0 | ||
| 007 | cr|||| | ||
| 008 | 780303s1971 nyua 000 0 eng d | ||
| 010 | _a 71148174 | ||
| 040 |
_aIUA _cIUA _dOCL _dDZM _dUBY _dCaSfIA |
||
| 019 |
_a1489991 _a4653721 |
||
| 020 | _a087807015X | ||
| 020 | _a9780878070152 | ||
| 035 |
_a(OCoLC)3685499 _z(OCoLC)1489991 _z(OCoLC)4653721 |
||
| 050 | 4 |
_aBS1450 23d _b.K73 |
|
| 092 | _aE | ||
| 130 | 0 |
_aBible. _pO.T. _pPsalms XXIII. _lEnglish. _f1971. |
|
| 245 | 1 | 4 |
_aThe Lord is my shepherd / _h[electronic resource] _cpictures by George Kraus. |
| 260 |
_aNew York : _bWindmill Books, _cc1971. |
||
| 300 |
_a[27] p. : _bcol. ill. ; _c11 x 14 cm. |
||
| 630 | 0 | 0 |
_aBible _vPicture Bibles. |
| 700 | 1 |
_aKraus, George, _d1909- _eill. |
|
| 856 | 4 | 1 |
_uhttp://www.archive.org/details/lordismyshepherd00krau _zFree eBook from the Internet Archive |
| 856 | 4 | 2 |
_uhttp://www.openlibrary.org/books/OL24212878M _zAdditional information and access via Open Library |
| 942 | _cEB | ||
| 506 | _fНеобхідна авторизація на https://archive.org/ (створення облікового запису безкоштовно) | ||
| 506 | _fНеобхідна авторизація на https://openlibrary.org/ (створення облікового запису безкоштовно) | ||
| 999 |
_c520482 _d520482 |
||